Execuȯ̂ de medidas socioeducativas Prt̀ica processual de aplicaȯ̂ da Lei do Sinase e da Resoluȯ̂ nð 165 do Conselho Nacional de Justiȧ /

Bibliographic Details
Main Author: Pinho de Carvalho, Mr̀cio
Format: eBook
Language:Portuguese
Published: Rio de Janeiro: Editora Processo, 2018
Subjects:
Online Access:Acceso restringido

MARC

LEADER 00000nam a22000007a 4500
005 20220808230245.0
007 cr|||| ||||
008 220808s2018 br |||||s|||| 00||0 por d
020 |a 978-85-93741-23-4 
035 |a 36793 
040 |a vLex 
090 |c 13675  |d 13675 
100 1 |a Pinho de Carvalho, Mr̀cio 
245 1 0 |a Execuȯ̂ de medidas socioeducativas  |h [Recurso electrn̤ico] :  |b Prt̀ica processual de aplicaȯ̂ da Lei do Sinase e da Resoluȯ̂ nð 165 do Conselho Nacional de Justiȧ /  |c Mr̀cio Pinho de Carvalho 
256 |a Servicio en ln̕ea 
260 |a Rio de Janeiro:  |b Editora Processo,  |c 2018 
300 |a 1 recurso electrn̤ico 
500 |a Aps̤ mais de 25 anos da publicaȯ̂ do Estatuto da Crianȧ e do Adolescente, Lei nð 8.069, de 13 de julho de 1990, aps̤ mais de seis anos da publicaȯ̂ da Lei do Sistema Nacional Socioeducativo – Sinase, Lei nð 12.594, de 18 de janeiro de 2012, e mais de cinco anos da publicaȯ̂ da Resoluȯ̂ nð 165 do Conselho Nacional de Justiȧ, de 16 de novembro de 2012, impe̳-se uma anl̀ise especf̕ica e prt̀ica sobre a execuȯ̂ das medidas socioeducativas no Brasil. Durante a fase de cumprimento da medida imposta na sentenȧ, diversos operadores acompanham o socioeducando, para verificar se estô sendo cobrados os deveres e garantidos os direitos previstos na lei. É uma fase na qual nô mais se discute se o adolescente cometeu ato infracional e se a medida aplicada foi justa. Os operadores do direito, juiz, promotor e defensor pb︢lico ou advogado nomeado, acompanham o cumprimento do tt̕ulo judicial previamente imposto (sentenȧ impositiva de medida socioeducativa) at ̌uma fase final, a qual ser ̀a liberaȯ̂ do cumprimento ou revogaȯ̂ da medida, com a consequente extinȯ̂ do processo de execuȯ̂. 
506 1 |a Disponible solo en los productos indicados  |d vLex Global  |d vLex Global (Academic Edition, excluding Law Schools)  |d vLex Global (U.S. Academic Edition, Law Schools)  |d vLex Global (U.S. Academic Edition, excluding Law Schools)  |d vLex Global (Academic Edition, Law Schools) 
650 0 4 |a Derecho Penal  |z Brasil 
740 0 |a vLex Libros (Servicio en ln̕ea) 
856 4 0 |u https://app.vlex.com/#/sources/36793  |z Acceso restringido 
942 |c BOOK 
999 0 |a Criminal law